[Event "II Duchamp Open 2018"]
[Site "Rio de Janeiro"]
[Date "2018.11.14"]
[Round "2"]
[White "Kruger, Israel"]
[Black "Larrea, Manuel"]
[Result "1/2-1/2"]
[WhiteElo "1877"]
[BlackElo "2271"]
[Annotator "TA"]
[PlyCount "39"]
[EventDate "2018.11.14"]
[EventType "swiss"]
[EventCountry "BRA"]
[SourceTitle "playchess.com"]
[Source "ChessBase"]
[SourceQuality "1"]

{[%evp 28,39,41,40,62,41,39,18,70,0,24,0,68,0]} 1. e4 c5 2. Nf3 Nc6 3. d4 cxd4 4. Nxd4 Nf6 5. Nc3 d6 6. Be2 e5 7. Nf3 Be7 8. h3 h6 9. O-O O-O 10. Re1 Be6 11. Bf1 {B58: Classical Sicilian: 6 Be2} Qd7 12. Nd5 Bd8 13. c4 Nh7 14. b3 Ng5 15. Nxg5 {LiveBook: 5 Games} hxg5 16. Ba3 Nd4 17. Bb2 {[#]} Nc6 $146 ({Black should play} 17... Bxd5 $11 18. exd5 (18. cxd5 Ba5 $11) (18. Bxd4 Ba5 $11) 18... Bb6) ({Predecessor:} 17... Bxd5 18. Bxd4 Bc6 {1-0 (63) Brandenburg,D (2291)-Mchedlishvili,M (2518) Dieren 2004}) 18. Ba3 {Hoping for Bxd6.} Nd4 19. Bb2 Nc6 20. Ba3 (20. Be2 $14) 1/2-1/2

[Event "II Duchamp Open 2018"]
[Site "Rio de Janeiro"]
[Date "2018.11.14"]
[Round "2"]
[White "Goncalves, Luiz Osvaldo Cifuen"]
[Black "Manzi, Luiz Antonio Bardar"]
[Result "0-1"]
[WhiteElo "1813"]
[BlackElo "2047"]
[Annotator "NA RC"]
[PlyCount "170"]
[EventDate "2018.11.14"]
[EventType "swiss"]
[EventCountry "BRA"]
[SourceTitle "playchess.com"]
[Source "ChessBase"]
[SourceQuality "1"]
[TimeControl "5400+30"]

{[%evp 9,169,3,1,1,20,-9,-8,-31,17,19,31,0,0,0,0,-4,0,-19,-20,-34,-4,-67,-13,-71,-55,-83,-56,-44,-29,-40,0,0,0,-69,-8,-70,-31,-32,-39,-71,-58,-106,-52,-74,-35,-70,-58,-81,-51,-64,-53,-102,-85,-86,-122,-146,-108,-125,-113,-122,-112,-252,-196,-235,32767,32767,32767,-226,-291,-337,-189,-216,-146,-206,-230,-231,-114,-191,-9,-16,-15,-17,0,-170,-184,-241,-114,-259,-351,-391,-504,-357,-483,-441,-602,-719,-719,-677,-374,-454,-62,-108,0,-8,0,0,473,0,0,0,0,-7,0,0,0,0,0,0,0,0,0,0,0,0,0,0,0,0,0,-8,0,0,0,0,0,0,0,0,0,-12851,32767,32767,32767,32767,32767,32767,32767,32767,32767,32767,32767,-12851,-11235,-29980,-29983,-29985,-29982,-29982,-29981,-29994,-29995,-29999]} 1. e4 {[%emt 0:00:00]} Nf6 {[%emt 0:00:00]} 2. Nc3 {[%emt 0:00:00]} e5 {[%emt 0:00:52]} 3. Bc4 {[%emt 0:00:05]} Bb4 {[%emt 0:01:10]} 4. d3 {[%emt 0:00:16]} O-O {[%emt 0:00:49]} 5. Nf3 {[%emt 0:00:15] LiveBook: 9 Partien} c6 {[%emt 0:01:45]} 6. O-O {[%emt 0:00:18]} d5 {[%emt 0:01:01] C42: Russische Verteidigung (Petrow)} (6... d6 7. a3 Ba5 8. Ba2 Be6 9. Ne2 Nbd7 10. Ng3 Re8 11. Nh4 d5 12. Nhf5 Nf8 13. Qf3 dxe4 14. dxe4 Bxa2 15. Rxa2 {1-0 (27) Aronian,L (2648)-Rabiega,R (2527) playchess.com INT 2004}) 7. exd5 {[%emt 0:00:44]} cxd5 {[%emt 0:00:08]} 8. Bb3 $1 {[%emt 0:00:20]} Bxc3 {[%emt 0:03:06]} 9. bxc3 {[%emt 0:00:11]} Nc6 {[%emt 0:01:15]} 10. h3 {[%emt 0:00:44]} h6 $146 {[%emt 0:01:51]} ({Vorgänger:} 10... Bf5 11. Bg5 Qd6 12. Bxf6 Qxf6 13. Bxd5 Rad8 14. Bxc6 bxc6 {1-0 (39) Braskin,I-Hofmann,W ICCF corr 1990}) 11. Re1 {[%emt 0:00:20]} Re8 {[%emt 0:01:47]} 12. Ba4 {[%emt 0:01:56]} Qd6 {[%emt 0:02:20]} 13. d4 {[%emt 0:07:05]} e4 {[%emt 0:02:38]} 14. Ne5 {[%emt 0:00:25]} Nd7 {[%emt 0:03:05]} 15. f4 {[%emt 0:03:39]} Nb6 {[%emt 0:01:50]} (15... exf3 $5 16. Nxf3 Nf6 $11) 16. Bb3 {[%emt 0:00:54]} f6 {[%emt 0:03:02]} 17. Ng4 {[%emt 0:00:28]} Bxg4 {[%emt 0:00:52]} 18. Qxg4 {[%emt 0:00:15]} Na5 {[%emt 0:02:58]} 19. f5 {[%emt 0:01:16]} Kf8 {[%emt 0:01:28]} (19... Kh8 $17) 20. Bf4 {[%emt 0:01:41]} Qd7 {[%emt 0:00:45]} 21. Qg6 {[%emt 0:01:25]} ({Better is} 21. Re3 $1 $11) 21... Qf7 {[%emt 0:03:11]} (21... Nbc4 $15) 22. Qg3 {[%emt 0:07:10]} (22. Qxf7+ $11 Kxf7 23. Rab1) 22... Nac4 {[%emt 0:02:01]} 23. a4 {[%emt 0:00:50]} a5 {[%emt 0:01:44]} 24. Bd6+ {[%emt 0:00:48]} Kg8 {[%emt 0:00:30]} 25. Bf4 {[%emt 0:00:50]} Qh5 {[%emt 0:00:58]} 26. Rf1 {[%emt 0:02:32]} Rac8 {[%emt 0:00:29]} 27. Rae1 {[%emt 0:03:16]} Rc6 {[%emt 0:01:37]} 28. Qh2 {[%emt 0:02:47]} Rec8 {[%emt 0:01:41]} 29. g4 {[%emt 0:00:13]} Qe8 {[%emt 0:01:33]} 30. Qe2 {[%emt 0:02:20]} Qd7 {[%emt 0:01:35]} 31. Qg2 {[%emt 0:02:36]} Kh8 {[%emt 0:02:26]} 32. Kh1 {[%emt 0:00:28]} Nb2 {[%emt 0:01:12]} 33. Ra1 {[%emt 0:05:11]} Rxc3 {[%emt 0:00:58]} 34. Bd2 {[%emt 0:00:19] [#]} R3c6 $1 {[%emt 0:01:32]} ({Much worse is} 34... N2xa4 $6 35. Bxc3 Nxc3 36. Rxa5 $15) 35. Bxa5 {[%emt 0:00:17]} (35. Bf4 $17) 35... N2c4 {[%emt 0:00:44]} 36. Bxb6 (36. Bd2 {[%emt 0:01:30]}) 36... Nxb6 37. Qd2 {[%emt 0:01:41]} Nc4 {[%emt 0:00:24]} 38. Qe1 {[%emt 0:05:50]} Qd6 {[%emt 0:01:56]} 39. a5 {[%emt 0:00:27]} Ra6 {[%emt 0:03:00]} (39... Na3 $142 40. c4 Nxc4) 40. Kg2 {[%emt 0:02:13]} Qc6 {[%emt 0:01:15]} 41. Ba4 {[%emt 0:01:23]} Qc7 {[%emt 0:00:19]} 42. Bb3 {[%emt 0:01:16]} Rca8 {[%emt 0:00:48]} (42... Kh7 $19 43. Rf2 Qd8) 43. Rf2 {[%emt 0:01:19]} (43. Qe2 $17 {is a better defense.}) 43... Rxa5 $2 {[%emt 0:01:29]} (43... b6 $19 44. Qe2 b5) 44. Rxa5 {[%emt 0:00:14]} Qxa5 {[%emt 0:00:51]} 45. Qxa5 {[%emt 0:00:38]} Rxa5 {[%emt 0:00:15]} 46. Re2 $2 {[%emt 0:00:35]} (46. Bxc4 $1 $11 {and White stays safe.} dxc4 47. Re2) 46... b5 {[%emt 0:00:25]} 47. Kf2 {[%emt 0:01:15]} (47. Re1 {war einen Versuch wert.}) 47... Kg8 {[%emt 0:00:13]} (47... Ra1 $19 {has better winning chances.} 48. Re1 Ra3) 48. Bxc4 {[%emt 0:00:51]} (48. Re1 $17) 48... bxc4 {[%emt 0:00:08]} 49. Kg3 {[%emt 0:03:20]} (49. c3 $142) 49... Ra3+ {[%emt 0:00:16]} 50. Kh4 {[%emt 0:00:04]} Rc3 {[%emt 0:00:45]} 51. Rh2 {[%emt 0:01:11]} Kf7 {[%emt 0:01:08]} 52. Kh5 {[%emt 0:00:12]} Rf3 {[%emt 0:00:46]} 53. h4 {[%emt 0:00:09]} e3 {[%emt 0:01:08]} (53... c3 $142 54. Rg2 {[#]} Rd3 $1 {[%mdl 512]}) 54. Re2 {[%emt 0:00:20]} Rf4 $2 {[%emt 0:01:33]} (54... Rg3 $19 55. c3 Kf8) 55. Rxe3 {[%emt 0:00:58]} Rxd4 {[%emt 0:00:10]} 56. Ra3 {[%emt 0:00:31]} Kg8 {[%emt 0:01:15]} 57. g5 {[%emt 0:00:47]} fxg5 $2 {[%emt 0:02:25] [#]} (57... hxg5 $11 {and Black stays safe.} 58. Kg6 Kf8 59. hxg5 Rg4 60. Ra8+ Ke7 61. Ra7+ Kd6 62. Rxg7 Rxg5+ 63. Kxf6 Rh5) 58. hxg5 $2 {[%emt 0:00:19]} (58. Kg6 $1 $18 {[%cal Ra3a8]} Kf8 59. Ra8+ Ke7 60. Kxg7) 58... hxg5 {[%emt 0:00:51]} 59. Kg6 {[%emt 0:00:13]} Kf8 {[%emt 0:00:09]} 60. Ra8+ {[%emt 0:00:03]} Ke7 {[%emt 0:00:12]} 61. Kxg7 {[%emt 0:00:47]} Rf4 {[%emt 0:00:28]} 62. Ra7+ {[%emt 0:02:24]} Kd6 {[%emt 0:00:09]} 63. f6 {[%emt 0:00:22]} Ke5 {[%emt 0:00:17]} 64. f7 {[%emt 0:00:38]} Kd4 {[%emt 0:00:06]} 65. Ra3 {[%emt 0:00:39]} Ke4 {[%emt 0:01:38]} 66. f8=Q Rxf8 {[%emt 0:00:17]} 67. Kxf8 {[%emt 0:00:40]} d4 {[%emt 0:00:12]} 68. Ra4 {[%emt 0:01:01]} c3 {[%emt 0:00:06]} 69. Kf7 {[%emt 0:00:32]} g4 {[%emt 0:00:38]} 70. Ra1 {[%emt 0:01:00]} d3 {[%emt 0:02:30]} 71. Re1+ {[%emt 0:00:40]} Kd4 {[%emt 0:00:07]} 72. cxd3 {[%emt 0:00:18]} Kxd3 {[%emt 0:00:08]} 73. Rg1 {[%emt 0:00:04]} c2 {[%emt 0:00:11]} 74. Rg3+ $2 {[%emt 0:01:37]} (74. Kg6 $11) 74... Kd2 {[%emt 0:00:09]} 75. Rg2+ {[%emt 0:00:24]} Kc3 {[%emt 0:00:06]} 76. Rxg4 c1=Q {[%emt 0:00:13]} 77. Rg6 {[%emt 0:01:13]} Kd4 {[%emt 0:00:21]} 78. Rd6+ {[%emt 0:00:22]} Ke5 {[%emt 0:00:13]} 79. Re6+ {[%emt 0:00:19]} Kd5 {[%emt 0:00:09]} 80. Rf6 {[%emt 0:01:44]} Qg5 {[%emt 0:00:17]} 81. Rf1 {[%emt 0:03:16]} Qh5+ {[%emt 0:00:40]} 82. Kf8 {[%emt 0:00:15]} Kd6 {[%emt 0:03:18]} 83. Rf6+ {[%emt 0:00:47]} Kd7 {[%emt 0:00:47]} 84. Rf7+ {[%emt 0:02:48]} Ke6 {[%emt 0:00:11]} 85. Rf1 {[%emt 0:00:43]} Qh8# {[%emt 0:00:08] Rf7 Kd7# Rf6 Qh5 Rg6 Qh8+} 0-1

[Event "II Duchamp Open 2018"]
[Site "Rio de Janeiro"]
[Date "2018.11.16"]
[Round "3"]
[White "Rodriguez Vila, Andres"]
[Black "Romanishin, Oleg M"]
[Result "1/2-1/2"]
[WhiteElo "2482"]
[BlackElo "2435"]
[Annotator "TA"]
[PlyCount "79"]
[EventDate "2018.11.14"]
[EventType "swiss"]
[EventCountry "BRA"]
[SourceTitle "playchess.com"]
[Source "ChessBase"]
[SourceQuality "1"]

{[%evp 15,79,0,7,0,21,20,18,18,44,27,45,17,17,0,7,0,0,0,0,0,0,0,0,-33,16,-31,-20,-33,-42,-45,-4,0,0,-16,-23,-70,0,0,0,-79,-81,-83,-75,-71,-74,-155,-187,-227,-210,-220,-212,-268,-211,-216,-160,-177,-118,-148,-137,-123,0,0,0,-141,0,0]} 1. e4 c5 2. Nf3 e6 3. Qe2 Nc6 4. g3 d6 5. Bg2 Nf6 6. O-O Be7 7. c3 e5 {C00: French: Unusual White 2nd moves} 8. Na3 O-O {LiveBook: 20 Games} 9. Nc4 Na5 $146 ({Predecessor:} 9... Re8 10. d3 Be6 11. Ng5 Bg4 12. f3 Bh5 13. g4 Bg6 14. Nh3 d5 15. Ne3 {1-0 (45) Naiditsch,A (2706)-Wojtaszek,R (2716) Poznan 2014}) 10. Nxa5 Qxa5 11. d4 cxd4 12. cxd4 Bd7 13. Bd2 Qb6 14. Rfd1 exd4 15. Bf4 Bb5 16. Qe1 d3 17. Be3 Qd8 18. Nd4 Ba6 $1 19. Nf5 Ng4 20. Nxe7+ (20. b4 {looks sharper.} Bf6) 20... Qxe7 21. Bd4 Rfe8 22. a4 Nf6 {[%cal Rf6e4]} 23. b4 Bc4 {[%cal Rf6e4]} 24. Qc3 Rac8 25. Re1 {[#]} Ba6 (25... a5 $1 $15 {[%mdl 512]}) 26. Bxf6 $11 gxf6 ({Don't blunder} 26... Rxc3 $2 27. Bxe7 Rxe7 28. b5 $18) 27. Qd2 (27. Qd4 $11 {keeps the balance.} Rc4 28. Qxd3 Rxb4 29. Qd2) 27... Rc2 $36 {[%mdl 2048] Black is on the roll.} 28. Qd1 Bc4 {Threatens to win with ...d5.} 29. Bf1 Rc3 30. Bh3 {[#]} (30. Qf3 $142) 30... Qe5 $1 31. Bd7 Rd8 32. Bf5 Rc2 33. Rb1 h6 34. Re3 Qc3 35. Kg2 Qd2 (35... Ra2 $19 36. Rf3 Qc2 37. Qxc2 Rxc2) 36. Qg4+ Kf8 37. Qf4 Kg7 ({Black should play} 37... h5 $17 {Strongly threatening ...h4!} 38. h4 Ra2) 38. Qg4+ $1 $11 Kf8 (38... Kh8 $11 39. Qf3 Kg7) 39. Qf4 $1 $17 Kg7 ({Better is} 39... h5 $17 {White must now prevent ...h4!} 40. Qf3 a6) 40. Qg4+ $1 {Precision: White = 57%, Black = 54%.} 1/2-1/2

[Event "II Duchamp Open 2018"]
[Site "Rio de Janeiro"]
[Date "2018.11.16"]
[Round "3"]
[White "Hoffman, Alejandro"]
[Black "Von Buelow, Georg"]
[Result "0-1"]
[WhiteElo "2479"]
[BlackElo "2354"]
[Annotator "TA"]
[PlyCount "82"]
[EventDate "2018.11.14"]
[EventType "swiss"]
[EventCountry "BRA"]
[SourceTitle "playchess.com"]
[Source "ChessBase"]
[SourceQuality "1"]

{[%evp 22,81,13,18,48,45,42,14,47,0,25,-9,0,0,0,0,8,8,11,4,4,18,12,14,40,7,2,0,8,10,13,0,0,0,13,0,19,19,19,19,19,27,23,26,33,0,0,-147,-82,-5222,-5221,-29989,-29990,-29995,-29996,-29996,-29997,-29997,-29998,-29998,-29999,-29999]} 1. d4 Nf6 2. Nf3 g6 3. c4 Bg7 4. Nc3 d5 5. cxd5 Nxd5 6. e4 Nxc3 7. bxc3 c5 8. Be3 Qa5 9. Nd2 {D85: Exchange Grünfeld: Unusual White 7th moves and lines with 7 Nf3} cxd4 (9... Bd7 10. Rb1 Ba4 11. Qxa4+ Qxa4 12. Bb5+ Qxb5 13. Rxb5 b6 14. dxc5 Nd7 15. Ke2 Bxc3 16. Nb3 O-O {½-½ (28) Navara,D (2741)-Vachier Lagrave,M (2779) Biel 2018}) 10. Nc4 Qd8 11. cxd4 {[%cal Bc3d4,Bd4d5][%mdl 32]} O-O 12. Rc1 {LiveBook: 16 Games} Nc6 {[%cal Rc6d4]} 13. d5 Ne5 $146 ({Predecessor:} 13... Na5 14. Qd2 Nxc4 15. Bxc4 Re8 16. O-O e6 {1-0 (25) Filip,L (2464)-Pisu,R (2031) Baile Olanesti 2013}) 14. Nxe5 Bxe5 15. Qd2 Bc7 {[#] Threatens to win with ...Ba5.} 16. Bd4 Ba5 17. Bc3 Bxc3 18. Rxc3 Bd7 19. Be2 Rc8 20. Rxc8 Qxc8 21. O-O Qc5 22. Rc1 Qb6 23. h4 Rc8 24. Rxc8+ Bxc8 25. e5 Bd7 26. h5 Qb1+ $1 27. Kh2 $1 Qf5 28. Qe3 gxh5 29. Bd3 Qg4 30. Qxa7 Qf4+ 31. g3 Qxe5 32. Qxb7 Bg4 33. Qb1 Bf3 34. Bc4 (34. Qc1 $11 {keeps the balance.}) 34... h4 $1 $17 {[%cal Rh4g3] [#] White must now prevent ...hxg3+.} ({Much weaker is} 34... Bxd5 $6 35. Qb5 $11) 35. Qd3 $2 {[%mdl 8192]} (35. Qf1 $17) 35... hxg3+ $19 36. fxg3 Qb2+ {Black mates.} 37. Kh3 Qg2+ 38. Kh4 Qh2+ 39. Kg5 Qxg3+ 40. Kf5 Qg4+ 41. Ke5 f6# {Precision: White = 24%, Black = 61%.} 0-1

[Event "II Duchamp Open 2018"]
[Site "Rio de Janeiro"]
[Date "2018.11.16"]
[Round "3"]
[White "Perdomo, Leandro"]
[Black "Di Berardino, Diego Rafael"]
[Result "1/2-1/2"]
[WhiteElo "2476"]
[BlackElo "2526"]
[Annotator "TA"]
[PlyCount "65"]
[EventDate "2018.11.14"]
[EventType "swiss"]
[EventCountry "BRA"]
[SourceTitle "playchess.com"]
[Source "ChessBase"]
[SourceQuality "1"]

{[%evp 18,65,-8,-5,-6,-10,-6,-16,-7,-7,0,4,0,-7,0,0,0,-27,0,0,22,30,8,-4,0,-21,-19,-48,-16,-11,0,0,0,0,26,26,55,39,39,-10,179,182,227,40,40,28,18,36,35,0]} 1. d4 Nf6 2. c4 g6 3. Nc3 Bg7 4. e4 d6 5. f3 O-O 6. Be3 c5 7. Nge2 Nc6 8. d5 {E81: King's Indian: Sämisch: 6th move deviations (including 6 Be3 c6)} Na5 9. Nc1 e6 10. Be2 {LiveBook: 8 Games. The position is equal.} a6 11. O-O exd5 12. cxd5 b5 13. Nb3 {[#]} Re8 $146 ({Predecessor:} 13... Nd7 14. Nxa5 Qxa5 15. Qd2 Re8 {0-1 (42) Dreev,A (2677)-Grischuk,A (2763) Astana 2012}) 14. Nxa5 Qxa5 15. a3 Rb8 16. Qd2 Nd7 17. Kh1 Qc7 18. a4 {[%cal Ra4b5]} c4 19. axb5 axb5 20. Ra7 Qd8 $1 21. Na2 Nc5 22. Nb4 Bd7 23. Na6 Nxa6 24. Rxa6 Bc8 25. Rc6 $36 {[%mdl 2048] White has good play.} Bb7 26. Rb6 Qd7 27. Bf4 Qc7 28. Rxd6 Re5 $2 {[#]} (28... Be5 $11 {and Black stays safe.} 29. Bxe5 Rxe5) 29. Qb4 $18 Rbe8 {Black wants to play ...Bf8.} 30. Qxb5 $2 (30. Bxe5 $18 Rxe5 31. Qxb5 Qxd6 32. Qxb7) 30... Qxd6 $14 31. Qxe8+ Rxe8 32. Bxd6 Bxd5 $1 33. Ba3 {Accuracy: White = 45%, Black = 35%.} 1/2-1/2

[Event "II Duchamp Open 2018"]
[Site "Rio de Janeiro"]
[Date "2018.11.16"]
[Round "3"]
[White "Roselli Mailhe, Bernardo"]
[Black "Matsuura, Everaldo"]
[Result "1-0"]
[WhiteElo "2421"]
[BlackElo "2476"]
[Annotator "TA"]
[PlyCount "63"]
[EventDate "2018.11.14"]
[EventType "swiss"]
[EventCountry "BRA"]
[SourceTitle "playchess.com"]
[Source "ChessBase"]
[SourceQuality "1"]

{[%evp 30,63,50,50,47,42,54,52,54,35,60,44,61,47,110,104,148,141,154,147,180,179,162,185,252,254,355,325,362,344,648,645,639,629,731,720]} 1. d4 Nf6 2. c4 e6 3. Nf3 Bb4+ 4. Nbd2 b6 5. a3 Bxd2+ 6. Qxd2 Bb7 7. e3 O-O 8. Be2 d6 9. O-O Nbd7 10. b4 a5 11. Bb2 Qe7 12. Rfd1 Ne4 13. Qc2 f5 14. d5 {E14: Queen's Indian: Classical Variation (4 e3)} e5 15. Nd2 Nxd2 16. Qxd2 {LiveBook: 3 Games. White is slightly better.} Rf6 $146 ({Predecessor:} 16... Nf6 17. Qc2 Kh8 18. Bc3 axb4 19. axb4 b5 20. Rxa8 Bxa8 {1-0 (42) Gajewski,G (2601)-Nestorovic,N (2381) Plovdiv 2008}) 17. f4 Rh6 {White should prevent ...Qh4.} 18. Bd3 Rf8 19. Rf1 Bc8 20. Rae1 Nf6 21. h3 Nh5 (21... e4 $14 22. Be2 a4) 22. bxa5 Ng3 23. Rf2 bxa5 24. Qxa5 Rg6 25. fxe5 dxe5 26. Qb4 Qe8 (26... c5 $142 27. dxc6 Qc7) 27. c5 $18 {[%cal Bc4c5,Bc5d6][%mdl 32]} Ba6 28. Bxa6 Rxa6 29. d6 {[#] Strongly threatening Qc4+.} Kh8 $2 (29... Ra8 30. dxc7 Rc8) 30. Rd1 {White is clearly winning.} cxd6 31. cxd6 Qh5 32. Rd5 {Accuracy: White = 73%, Black = 41%.} 1-0

[Event "II Duchamp Open 2018"]
[Site "Rio de Janeiro"]
[Date "2018.11.16"]
[Round "3"]
[White "Brito, Luismar"]
[Black "Chang, Suzana"]
[Result "1-0"]
[WhiteElo "2349"]
[BlackElo "1968"]
[Annotator "TA"]
[PlyCount "63"]
[EventDate "2018.11.14"]
[EventType "swiss"]
[EventCountry "BRA"]
[SourceTitle "playchess.com"]
[Source "ChessBase"]
[SourceQuality "1"]

{[%evp 9,63,0,7,-7,6,-11,8,0,0,-16,10,-3,11,-13,16,0,21,12,15,-47,63,50,58,40,81,14,60,27,41,44,59,49,66,40,45,4,98,41,68,57,58,45,145,8,174,58,50,78,128,-27,15,0,92,70,114,128]} 1. b3 e5 2. Bb2 Nc6 3. e3 d6 4. c4 g6 5. Nc3 (5. Nf3 Bg7 6. Be2 Nf6 7. d4 O-O 8. O-O Bf5 9. h3 h6 10. a3 Re8 11. d5 Nb8 12. Nc3 Ne4 13. Nxe4 Bxe4 14. Nd2 Bf5 15. b4 a5 16. Bc3 {1-0 (25) Karjakin,S (2763)-Gelfand,B (2695) Moscow 2018}) 5... Bg7 {LiveBook: 17 Games} 6. h4 {A01: Nimzowitsch-Larsen Opening} h6 7. Be2 f5 $146 ({Predecessor:} 7... Nge7 8. d3 Be6 9. Qd2 d5 10. Bf3 Qd7 11. cxd5 Nxd5 12. Na4 b6 {½-½ (32) Nikolaidis,M (1985)-Alexakis,G (1802) Nikaia 2014}) 8. d3 {The position is equal.} Nf6 9. Qd2 a6 10. Bf3 Rb8 11. Nge2 Bd7 12. g3 O-O 13. Nd5 Ne7 14. Bg2 (14. Nxf6+ $11 Bxf6 15. Bg2) 14... c6 (14... Nexd5 $15 15. cxd5 Qe8) 15. Nxf6+ $14 Bxf6 16. f4 c5 17. Nc3 ({Better is} 17. d4 $16) 17... Bc6 18. e4 h5 19. O-O-O Bg7 20. Kb1 Bd7 21. fxe5 dxe5 22. Nd5 Nc6 (22... Nxd5 $1 $11 {keeps the balance.} 23. exd5 (23. cxd5 Qe7 $14) 23... f4) 23. Rdf1 (23. exf5 $16 Bxf5 24. Ne3) 23... Be6 24. exf5 Bxf5 25. Be4 Nd4 {[#]} (25... Qd7 $14) 26. Bxd4 (26. Bxf5 $1 $16 Rxf5 27. Bxd4 Rxf1+ 28. Rxf1 cxd4 29. Qe2) 26... cxd4 $2 (26... Bxe4 $11 27. dxe4 exd4) 27. Qe2 ({Only move:} 27. Bxf5 $18 gxf5 28. Rh2) 27... Bg4 28. Qe1 Bf5 29. Qb4 $2 (29. Bxf5 $16 gxf5 30. Rh2) 29... Kh7 30. Qd2 Qd6 (30... Kg8 $11) 31. Bxf5 $16 gxf5 32. Qg5 {Accuracy: White = 17%, Black = 19%.} 1-0

[Event "II Duchamp Open 2018"]
[Site "Rio de Janeiro"]
[Date "2018.11.16"]
[Round "3"]
[White "Menna Barreto, Felipe Kubiaki"]
[Black "Galego, Luis"]
[Result "0-1"]
[WhiteElo "2342"]
[BlackElo "2479"]
[Annotator "TA"]
[PlyCount "62"]
[EventDate "2018.11.14"]
[EventType "swiss"]
[EventCountry "BRA"]
[SourceTitle "playchess.com"]
[Source "ChessBase"]
[SourceQuality "1"]

{[%evp 9,62,22,37,39,29,6,39,42,42,8,83,43,29,41,44,30,35,44,51,18,3,10,71,0,0,-35,-43,-88,0,-33,-6,-43,-52,-52,-67,-66,-51,-59,-71,-66,-46,-32,-35,-70,-72,-52,-8,-529,-518,-509,-504,-998,-635,-608,-491]} 1. d4 Nf6 2. Nf3 d6 3. c4 Bg4 4. Nbd2 Nbd7 5. h3 Bh5 {LiveBook: 4 Games} 6. g4 {A53: Old Indian Defence without Nf3} (6. Qb3 Rb8 7. e4 e5 8. Qe3 a5 9. Bd3 Be7 10. O-O O-O 11. b3 c6 12. Bb2 Qc7 {0-1 (34) Karpov,A (2615)-Seirawan,Y (2643) Saint Louis 2012}) 6... Bg6 7. g5 $146 ({Predecessor:} 7. Bg2 e5 8. O-O Be7 9. e3 O-O 10. Re1 c6 11. Nh4 Re8 12. Nxg6 hxg6 {½-½ (53) Budrewicz,K (2221)-Szymanski,P (2249) Zabrze 2015}) 7... Ne4 (7... Nh5 {is more complex.} 8. Qb3 e5 9. Qxb7 Be7 10. h4 O-O) 8. h4 {White is slightly better.} Nxd2 9. Nxd2 {[#] And now h5 would win.} h5 (9... h6 $11 {keeps the balance.}) 10. Bg2 c6 11. O-O e5 12. d5 cxd5 13. Bxd5 Qc8 14. e3 Nb6 15. Bg2 Bd3 (15... Qg4 $11) 16. b3 (16. Re1 $16) 16... Bxf1 $11 17. Kxf1 Qg4 {[%cal Rg4d1]} 18. Bf3 Qd7 (18... Qxh4 $17 {aiming for ...Be7.} 19. Bxb7 Rd8 20. Bc6+ Nd7) 19. Ne4 Be7 20. a4 d5 21. cxd5 Nxd5 {[%cal Bb6d5,Bd5b4,Bb4d3][%mdl 32]} 22. Bb2 Rd8 $1 23. Kg2 Qe6 24. Qe2 a6 25. Bxh5 Nb4 26. Qf3 Nd3 27. Bc3 Qd5 {White must now prevent ...Rxh5!} 28. Rd1 $2 {[%mdl 8192] [#]} (28. Ba5 $11 Rxh5 29. Bxd8 Kxd8 30. Qxh5 Qxe4+ 31. Qf3 Qxf3+ 32. Kxf3) 28... Rxh5 $1 $19 {[%mdl 576] Deflection. Black is clearly winning.} 29. Qxh5 Qxe4+ 30. Kg1 (30. Kg3 $142) 30... g6 31. Qe2 Nc5 {Accuracy: White = 33%, Black = 55%.} 0-1